Presidents Who Cut the National Debt in a Fiscal Year - Statistics

General Stats
  • This quiz has been taken 14 times
  • The average score is 76 of 80
Answer Stats
Hint Answer % Correct
1829 Andrew Jackson
100%
1830 Andrew Jackson
100%
1831 Andrew Jackson
100%
1832 Andrew Jackson
100%
1833 Andrew Jackson
100%
1834 Andrew Jackson
100%
1924 Calvin Coolidge
100%
1925 Calvin Coolidge
100%
1926 Calvin Coolidge
100%
1927 Calvin Coolidge
100%
1928 Calvin Coolidge
100%
1955 Dwight D. Eisenhower
100%
1956 Dwight D. Eisenhower
100%
1793 George Washington
100%
1796 George Washington
100%
1946 Harry Truman
100%
1947 Harry Truman
100%
1950 Harry Truman
100%
1929 Herbert Hoover
100%
1845 James K. Polk
100%
1809 James Madison
100%
1810 James Madison
100%
1811 James Madison
100%
1816 James Madison
100%
1797 John Adams
100%
1798 John Adams
100%
1824 John Quincy Adams
100%
1825 John Quincy Adams
100%
1826 John Quincy Adams
100%
1827 John Quincy Adams
100%
1828 John Quincy Adams
100%
1801 Thomas Jefferson
100%
1802 Thomas Jefferson
100%
1804 Thomas Jefferson
100%
1805 Thomas Jefferson
100%
1806 Thomas Jefferson
100%
1807 Thomas Jefferson
100%
1808 Thomas Jefferson
100%
1913 Woodrow Wilson
100%
1919 Woodrow Wilson
100%
1920 Woodrow Wilson
100%
1889 Benjamin Harrison
92%
1890 Benjamin Harrison
92%
1892 Benjamin Harrison
92%
1852 Franklin Pierce
92%
1853 Franklin Pierce
92%
1854 Franklin Pierce
92%
1855 Franklin Pierce
92%
1856 Franklin Pierce
92%
1885 Grover Cleveland
92%
1886 Grover Cleveland
92%
1888 Grover Cleveland
92%
1817 James Monroe
92%
1818 James Monroe
92%
1819 James Monroe
92%
1820 James Monroe
92%
1822 James Monroe
92%
1823 James Monroe
92%
1843 John Tyler
92%
1844 John Tyler
92%
1879 Rutherford B. Hayes
92%
1880 Rutherford B. Hayes
92%
1869 Ulysses S. Grant
92%
1870 Ulysses S. Grant
92%
1871 Ulysses S. Grant
92%
1872 Ulysses S. Grant
92%
1874 Ulysses S. Grant
92%
1875 Ulysses S. Grant
92%
1897 William McKinley
92%
1866 Andrew Johnson
85%
1867 Andrew Johnson
85%
1868 Andrew Johnson
85%
1882 Chester A. Arthur
85%
1883 Chester A. Arthur
85%
1839 Martin Van Buren
85%
1851 Millard Fillmore
85%
1921 Warren Harding
85%
1922 Warren Harding
85%
1923 Warren Harding
85%
1881 James Garfield
77%
No matching quizzes found
Score Distribution
Percent of People with Each Score
Percentile by Number Answered
Your Score History
You have not taken this quiz